Building structures primer

Bibliographic Details
Main Author: Ambrose, James E.
Format: Book
Published: New York : John Wiley and Sons , 1981
Edition:2nd ed.
Subjects:

MARC

LEADER 00000cam a2200000 7i4500
001 0000002591
005 20050613.0
020 |a 0471086789 
040 |a INS 
090 0 0 |a TA663.   |b A4 1981 
100 1 |a Ambrose, James E. 
245 1 0 |a Building structures primer   |c James E. Ambrose 
250 |a 2nd ed. 
260 |a New York :   |b John Wiley and Sons ,   |c 1981 
300 |a x, 136p. :   |b ill ;   |c 26 cm. 
650 0 0 |a Structural engineering 
999 |a 0000000924   |b BOOK   |c Open Shelf   |e Default branch